000 00811cam a22002411 4500
001 ne 68003239
003 DLC
005 20260227111846.0
008 910401s1967 ua 000 0 arar
010 _ane 68003239
025 _aPL480:UAR-9264
035 _a(OCoLC)23361010
040 _aDLC
_cWaU
_dWaU
_dDLC
042 _apremarc
050 0 0 _aBP173.4
_b.B5
100 0 _aBint al-Shāṭiʼ.
245 1 3 _aal-Mafhūm al-Islāmī li-taḥrīr al-marʼah,
_bmuḥāḍarah ʻāmmah li-ʻĀishah ʻAbd al-Raḥmān (Bint al-Shāṭiʼ)
260 _a[al-Qāhirah]
_c1967.
300 _a16 p.
_c24 cm.
500 _aAt head of title: Jāmiʻat Umm Durmān al-Islāmīyah. Muḥāḍarāt al-mawsim al-thaqāfī li-ʻām al-jāmiʻī 1966/1967.
650 0 _aWomen in Islam.
650 0 _aWomen's rights.
999 _c50725
_d50725